| 000 | 00655cab a2200217 4500 | ||
|---|---|---|---|
| 001 | L135863 | ||
| 008 | 061213n2006 000 0 eng u | ||
| 035 | _a(Sirsi) u135863 | ||
| 041 | 0 | _aeng | |
| 100 | 1 | _aGoldie, Anna | |
| 245 | 0 | 0 |
_aRegional _bYorks and north Lincs |
| 260 | _c2006 | ||
| 490 | 0 |
_aProperty Week _v71(48) 01 December 2006, 113-133(8) |
|
| 520 | _aDiscusses dealing with contaminated sites and reviews Lincolnshire as a big sheds location. | ||
| 590 | _aKA | ||
| 651 | 4 | _aYORKSHIRE | |
| 651 | 4 | _aNORTH LINCOLNSHIRE | |
| 690 | _aPROPERTY-COMMERCIAL PROPERTY-COMMERCIAL PROPERTY MARKET | ||
| 700 | 1 | _aHodgekiss, Anna | |
| 942 | _n0 | ||
| 999 |
_c78047 _d78047 |
||